Colombia : (Registro nro. 17475)

Detalles MARC
000 -CABECERA
Campo de control 01146cam a2200289 a 4500
005 - FECHA Y HORA DE LA ULTIMA TRANSACCION
Campo de control 20150624155536.0
008 - ELEMENTOS DE LONGITUD FIJA—INFORMACION GENERAL
Campo de control 120622s2011 ck a b 000 0 spa d
020 ## - ISBN
ISBN 9789588677033
020 ## - ISBN
ISBN 9588677033
040 ## - FUENTE DE CATALOGACIÓN
Agencia catalogadora original UkCU
Agencia transcriptora CUD
Agencia Modificadora PIT
-- OCLCF
-- OCL
-- DLC
-- Co-BoIAVH
041 ## - IDIOMA
Código de idioma para texto/pista de sonido o título separado Español
044 ## - PAÍS DE PUBLICACIÓN
País de publicación Colombia
082 #4 - NUMERO DE CLASIFICACION DECIMAL DEWEY
Número de clasificación 172.4
Número del ítem C26c
245 00 - MENCION DE TITULO
Título Colombia :
Parte restante del título una política exterior en transición /
Mención de responsabilidad Diego Cardona Cardona, editor.
250 ## - MENCION DE EDICION
Mención de edición 1. ed.
260 #3 - PUBLICACION, DISTRIBUCION, ETC. (PIE DE IMPRENTA)
Lugar de publicación, distribución, etc. Bogotá :
Nombre del editor, distribuidor, etc. Fundación Friderich Ebert en Colombia, FESCOL,
Fecha de publicación, distribución, etc. 2011.
300 ## - DESCRIPCION FISICA
Extensión 469 p.
Otros detalles físicos graf., tab.
Dimensiones 23 cm.
500 ## - NOTA GENERAL
Nota general Contiene anexos estadísticos.
504 ## - NOTA DE BIBLIOGRAFIA, ETC.
Nota de bibliografía Incluye referencias bibliográficas.
505 ## - NOTA DE CONTENIDO
Nota de contenido Primera parte. Algunos asuntos de la política exterior.<br/>Segunda parte. Las prioridades geográficas.<br/>Anexos estadísticos: Federico Salcedo.
650 #4 - ASIENTO SECUNDARIO DE MATERIA - TERMINO TEMATICO
Término temático o nombre geográfico como elemento de entrada Relaciones exteriores
Subdivisión cronológica 1974-
Subdivisión geográfica Colombia
650 #4 - ASIENTO SECUNDARIO DE MATERIA - TERMINO TEMATICO
Término temático o nombre geográfico como elemento de entrada Relaciones exteriores
Subdivisión general Economía
Subdivisión geográfica Colombia
650 #4 - ASIENTO SECUNDARIO DE MATERIA - TERMINO TEMATICO
Término temático o nombre geográfico como elemento de entrada Política exterior
Subdivisión geográfica Colombia
700 1# - ASIENTO SECUNDARIO - NOMBRE PERSONAL
Nombre personal Cardona, Diego.
Término de relación Editor
700 1# - ASIENTO SECUNDARIO - NOMBRE PERSONAL
Nombre personal Valderrama, Juan Andrés
Término de relación Coordinador
942 ## - ELEMENTOS ADICIONALES (KOHA)
Sistema de clasificación Dewey Decimal Classification
Tipo de ítem Libro
Existencias
Withdrawn status Lost status Sistema de Clasificación Damaged status No para préstamo Colección Inventariado Ubicación Permanente Ubicación actual Fecha de adquisición Fuente de Valor Valor Total Checkouts Número topográfico Inventario / Código de Barras Date last seen Ejemplar Price effective from Forma de adquisición Tipo de material
    Dewey Decimal Classification     General Inventariado 2017 Bogotá Bogotá 24/06/2015 Instituto 39000.00   LB-172.4 C26c 039093 24/06/2015 Ej. 1 24/06/2015   Libro